[Event "TCh-TUR Super League 2015"]
[Site "Kocaeli TUR"]
[Date "2015.08.06"]
[Round "3.2"]
[Board "1"]
[White "Harikrishna, Pentala"]
[Black "Mamedov, Nidjat"]
[Result "1-0"]
[WhiteTitle "GM"]
[BlackTitle "GM"]
[WhiteElo "2740"]
[BlackElo "2597"]
[WhiteTeam "Istanbul Technical University Sports Club"]
[BlackTeam "Calli Sports Club"]
[WhiteFideId "5007003"]
[BlackFideId "13400819"]
[EventDate "2015.08.04"]

1. e4 c5 2. Nf3 Nc6 3. Nc3 g6 4. d4 cxd4 5. Nxd4 Bg7 6. Be3 Nf6 7. Be2 O-O 8.
Nb3 d6 9. O-O a6 10. f4 Be6 11. Kh1 b5 12. Bf3 Rc8 13. Nd5 Bxd5 14. exd5 Na5 15.
Qe2 Nc4 16. Bd4 Qd7 17. Rae1 Rfe8 18. Qd1 e5 19. dxe6 fxe6 20. Bc3 Re7 21. Nd2
Ne8 22. Bxg7 Nxd2 23. Qxd2 Nxg7 24. Re2 Qc7 25. Rfe1 Kf7 26. Be4 Qb6 27. Bd3 Rc5
28. Qe3 b4 29. Qf2 a5 30. g4 Qa7 31. Re3 h5 32. Qg2 Qb7 33. Be4 d5 34. Bd3 d4
35. Be4 Qc7 36. Rh3 Kg8 37. Bxg6 Qxf4 38. Qa8+ 1-0

[Event "TCh-TUR Super League 2015"]
[Site "Kocaeli TUR"]
[Date "2015.08.06"]
[Round "3.2"]
[Board "2"]
[White "Ertan, Can"]
[Black "Ipatov, Alexander"]
[Result "0-1"]
[WhiteTitle "FM"]
[BlackTitle "GM"]
[WhiteElo "2238"]
[BlackElo "2621"]
[WhiteTeam "Calli Sports Club"]
[BlackTeam "Istanbul Technical University Sports Club"]
[WhiteFideId "6306330"]
[BlackFideId "14116731"]
[EventDate "2015.08.04"]

1. e4 e5 2. Nf3 Nc6 3. Bb5 a6 4. Ba4 Nf6 5. O-O Be7 6. Re1 b5 7. Bb3 d6 8. c3
O-O 9. h3 a5 10. a4 b4 11. d4 bxc3 12. bxc3 exd4 13. cxd4 d5 14. exd5 Nxd5 15.
Ne5 Bb7 16. Bxd5 Qxd5 17. Nc3 Qd8 18. Ba3 Nb4 19. Rc1 Bd6 20. Nb5 Re8 21. Bxb4
Bxb4 22. Nxc7 Bxe1 23. Nxe8 Qg5 24. Qg4 Bxf2+ 25. Kxf2 Qd2+ 26. Kg3 Qxg2+ 27.
Kf4 Qf2+ 28. Nf3 Rxe8 29. d5 0-1

[Event "TCh-TUR Super League 2015"]
[Site "Kocaeli TUR"]
[Date "2015.08.06"]
[Round "3.2"]
[Board "3"]
[White "Can, Emre"]
[Black "Burcu, Cagatay"]
[Result "1-0"]
[WhiteTitle "GM"]
[WhiteElo "2547"]
[BlackElo "2178"]
[WhiteTeam "Istanbul Technical University Sports Club"]
[BlackTeam "Calli Sports Club"]
[WhiteFideId "6302181"]
[BlackFideId "6310630"]
[EventDate "2015.08.04"]

1. Nf3 Nf6 2. c4 g6 3. Nc3 Bg7 4. e4 e5 5. Nxe5 Nxe4 6. Nxe4 Bxe5 7. d4 Bg7 8.
Bg5 f6 9. Be3 O-O 10. g3 d5 11. cxd5 Qxd5 12. Bg2 Qa5+ 13. Nc3 Qa6 14. Qb3+ Kh8
15. h4 Nc6 16. h5 gxh5 17. Rxh5 Bg4 18. Bf1 Nxd4 19. Bxd4 Rfe8+ 20. Kd2 Bxh5 21.
Bxa6 Rad8 22. Be2 Rxd4+ 23. Ke1 Bxe2 24. Nxe2 Rde4 25. Qf3 Rxe2+ 26. Qxe2 Rxe2+
27. Kxe2 Bf8 28. Kf3 Kg8 29. Ke4 Kf7 30. Kf5 Bc5 31. Rc1 Bd6 32. Rh1 Kg7 33. Rh4
a5 34. Ke6 Be5 35. Rg4+ Kf8 36. b3 b5 37. a4 bxa4 38. Rxa4 Bc3 39. Rc4 Be1 40.
Rc2 Kg7 41. Rxc7+ Kg6 42. Rf7 Bc3 43. f4 1-0

[Event "TCh-TUR Super League 2015"]
[Site "Kocaeli TUR"]
[Date "2015.08.06"]
[Round "3.2"]
[Board "4"]
[White "Tasdogen, Dincer"]
[Black "Kinsiz, Onur"]
[Result "1-0"]
[WhiteElo "1957"]
[BlackElo "2250"]
[WhiteTeam "Calli Sports Club"]
[BlackTeam "Istanbul Technical University Sports Club"]
[WhiteFideId "6367097"]
[BlackFideId "6301517"]
[EventDate "2015.08.04"]

1. e4 c5 2. Nf3 Nc6 3. d4 cxd4 4. Nxd4 e5 5. Nb5 d6 6. N1c3 a6 7. Na3 b5 8. Nd5
Nge7 9. Be3 Nxd5 10. exd5 Ne7 11. c4 Nf5 12. Bd2 Be7 13. cxb5 O-O 14. Bd3 Nh4
15. O-O f5 16. f3 f4 17. g3 fxg3 18. hxg3 Nf5 19. g4 Qb6+ 20. Kg2 Nh4+ 21. Kg3
Qd4 22. Be4 Bxg4 23. Nc2 Qxe4 24. fxe4 Bxd1 25. Raxd1 axb5 26. Rxf8+ Rxf8 27.
Na3 Rf3+ 28. Kg4 h5+ 29. Kxh5 Rg3 30. Rf1 g6+ 31. Kh6 Bf8+ 32. Rxf8+ Kxf8 33.
Nxb5 Nf3 34. Bb4 g5 35. Nxd6 Rh3+ 36. Kg6 g4 37. Kf6 Rh6+ 38. Kf5 g3 39. Nc4+
Ke8 40. Ne3 Rh2 41. Kg4 Nd4 42. Kxg3 Rxb2 43. Bd6 Re2 44. Ng4 Kd8 45. Nf6 Rxa2
46. Bxe5 Nb3 47. Bd6 Nd2 48. Kf4 Nc4 49. Bc5 Ra1 50. Kf5 Nd2 51. Ke6 Nc4 52.
Be7+ Kc8 53. d6 Ra6 54. e5 Nb6 55. Kf7 Ra7 56. e6 Rb7 57. Ke8 Ra7 58. d7+ Nxd7
59. exd7+ Rxd7 60. Nxd7 Kc7 61. Ne5 Kb7 62. Bc5 Kc7 63. Ke7 Kc8 64. Kd6 Kb7 65.
Kd7 Kb8 66. Kc6 Ka8 67. Nc4 Kb8 68. Nd6 Ka8 69. Nb5 Kb8 70. Nc7 Kc8 71. Ba7 Kd8
72. Nd5 Ke8 73. Kd6 Kf7 74. Ne7 Kf6 75. Be3 Kf7 76. Bg5 Ke8 77. Ng6 Kf7 78. Ne5+
Ke8 79. Ke6 Kf8 80. Kd7 Kg7 81. Ke7 1-0

[Event "TCh-TUR Super League 2015"]
[Site "Kocaeli TUR"]
[Date "2015.08.06"]
[Round "3.2"]
[Board "5"]
[White "Asan, Elvan"]
[Black "Mammadova, Gulnar"]
[Result "0-1"]
[BlackTitle "WGM"]
[WhiteElo "1810"]
[BlackElo "2313"]
[WhiteTeam "Istanbul Technical University Sports Club"]
[BlackTeam "Calli Sports Club"]
[WhiteFideId "6312209"]
[BlackFideId "13403508"]
[EventDate "2015.08.04"]

1. e4 e6 2. d4 d5 3. Nd2 Nc6 4. c3 e5 5. Qe2 Be7 6. dxe5 Nxe5 7. Ngf3 Nxf3+ 8.
Nxf3 dxe4 9. Qxe4 Nf6 10. Qc2 O-O 11. Be2 Qd5 12. O-O Bf5 13. Qb3 Qxb3 14. axb3
Bc5 15. b4 Bb6 16. Bc4 Rfe8 17. Bf4 Re4 18. Bxf7+ Kxf7 19. Ng5+ Kg6 20. Nxe4
Nxe4 21. h3 Rf8 22. Be3 Bxe3 23. fxe3 Ra8 24. Rf4 Nf6 25. Ra5 Be6 26. e4 b6 27.
Ra3 Kg5 28. g3 Bxh3 29. c4 Rd8 30. Rxa7 Ng4 31. Ra1 Rd3 32. Rf7 Rxg3+ 33. Kh1
Kg6 34. Rf4 Bg2+ 35. Kg1 Bxe4+ 36. Kf1 Bd3+ 37. Ke1 Kg5 38. Rf7 Rg1+ 39. Kd2
Rxa1 40. Kxd3 Ne5+ 0-1

[Event "TCh-TUR Super League 2015"]
[Site "Kocaeli TUR"]
[Date "2015.08.06"]
[Round "3.2"]
[Board "6"]
[White "Caliskan, Kerem"]
[Black "Bortnyk, Olexandr"]
[Result "0-1"]
[BlackTitle "IM"]
[WhiteElo "1758"]
[BlackElo "2553"]
[WhiteTeam "Calli Sports Club"]
[BlackTeam "Istanbul Technical University Sports Club"]
[WhiteFideId "6310699"]
[BlackFideId "14120828"]
[EventDate "2015.08.04"]

1. Nf3 d6 2. g3 e5 3. d3 g6 4. Bg2 Bg7 5. O-O f5 6. c4 Nf6 7. Nc3 O-O 8. Qc2 Nc6
9. Nd5 h6 10. Nxf6+ Qxf6 11. Bd2 a5 12. Bc3 g5 13. e3 Qg6 14. d4 e4 15. Nd2 g4
16. Nb3 h5 17. Nc1 h4 18. Rd1 Nd8 19. d5 Nf7 20. Bxg7 Qxg7 21. Ne2 b6 22. Nf4
Ne5 23. gxh4 Qf6 24. h5 Rf7 25. b3 a4 26. b4 a3 27. b5 Bd7 28. Rab1 Qh4 29. Rb4
Kh7 30. Ra4 Rg8 31. Kh1 Rfg7 32. Rg1 g3 33. h3 gxf2 34. Rf1 Rxg2 0-1

[Event "TCh-TUR Super League 2015"]
[Site "Kocaeli TUR"]
[Date "2015.08.06"]
[Round "3.2"]
[Board "7"]
[White "Aydincelebi, Kagan"]
[Black "Saba, Zafer Rabin"]
[Result "1-0"]
[WhiteTitle "FM"]
[WhiteElo "1977"]
[BlackElo "1989"]
[WhiteTeam "Istanbul Technical University Sports Club"]
[BlackTeam "Calli Sports Club"]
[WhiteFideId "6361102"]
[BlackFideId "6329500"]
[EventDate "2015.08.04"]

1. e4 e5 2. Nf3 Nc6 3. Nc3 Nf6 4. d4 exd4 5. Nxd4 Bb4 6. Nxc6 bxc6 7. Bd3 d5 8.
exd5 O-O 9. O-O cxd5 10. h3 c6 11. Qf3 Re8 12. Bf4 Bd6 13. Rfe1 Be6 14. Ne2 Rb8
15. b3 c5 16. Rad1 Qc7 17. Bxd6 Qxd6 18. c4 d4 19. Ng3 Re7 20. Ne4 Nxe4 21. Qxe4
g6 22. Qe5 Qxe5 23. Rxe5 Rc7 24. f4 Kg7 25. g4 a5 26. Rf1 a4 27. f5 gxf5 28.
gxf5 Kf6 29. Rfe1 Rg8+ 30. Kf2 Rg5 31. Kf3 axb3 32. axb3 Bc8 33. Kf4 Rg2 34. Rd5
Rc6 35. Be4 Rf2+ 36. Kg3 Rb2 37. Rd8 Rxb3+ 38. Kf4 Rc7 39. Rd6+ Kg7 40. Rg1+ Kf8
41. f6 Rd7 42. Bxh7 1-0

[Event "TCh-TUR Super League 2015"]
[Site "Kocaeli TUR"]
[Date "2015.08.06"]
[Round "3.2"]
[Board "8"]
[White "Uzun, Belemir"]
[Black "Hereklioglu, Sude"]
[Result "1/2-1/2"]
[BlackTitle "WCM"]
[WhiteElo "1682"]
[BlackElo "1796"]
[WhiteTeam "Calli Sports Club"]
[BlackTeam "Istanbul Technical University Sports Club"]
[WhiteFideId "6365655"]
[BlackFideId "6359531"]
[EventDate "2015.08.04"]

1. d4 Nf6 2. c4 e6 3. Nf3 b6 4. a3 Bb7 5. Nc3 Be7 6. d5 O-O 7. e4 d6 8. Bd3 e5
9. O-O Nbd7 10. b4 h6 11. Qc2 g5 12. Nd1 Nh5 13. Ne3 Ng7 14. Ne1 Qe8 15. Kh1 Bc8
16. g3 Nf6 17. N1g2 g4 18. Qe2 h5 19. f3 gxf3 20. Qxf3 Ng4 21. Nf5 Bxf5 22. exf5
Bd8 23. f6 Nxf6 24. Bb1 Qd7 25. Bg5 Nfe8 26. Bh6 a5 27. bxa5 Rxa5 28. Nh4 Qg4
29. Qd3 e4 30. Qxe4 Qxe4+ 31. Bxe4 Bxh4 32. gxh4 f5 33. Bd3 Kh7 34. Bg5 Ra4 35.
Rf4 Ra5 36. Rf3 Kh8 37. Bd2 Ra4 38. Bc3 Kg8 39. Rg3 Kh8 40. Rg6 Rf7 41. Bb2 f4
42. Rag1 f3 43. Re6 Rf8 44. Reg6 f2 45. Rf1 Rf3 46. Be2 Rb3 47. Bd1 Rxb2 48.
Bxa4 Nf5 49. Re6 Neg7 50. Re4 Ra2 51. Bd1 Rxa3 52. Rxf2 Ne3 53. Rd2 Ngf5 54. Rf4
Ra1 55. Rxf5 Nxf5 56. Rd3 Rc1 57. Kg1 Rxc4 58. Bxh5 Rxh4 59. Be8 Re4 60. Bc6 Re5
61. Kf2 Ne7 62. Bb7 b5 63. Rc3 Nxd5 64. Bxd5 Rxd5 65. Rxc7 b4 66. Rb7 Rd4 67.
Ke3 Rh4 68. Kd3 Rxh2 69. Rxb4 Kg7 70. Rf4 Rh5 71. Kd4 Ra5 72. Rf2 Kg6 73. Ke4
Re5+ 74. Kd4 1/2-1/2

[Event "TCh-TUR Super League 2015"]
[Site "Kocaeli TUR"]
[Date "2015.08.06"]
[Round "3.3"]
[Board "2"]
[White "Solak, Dragan"]
[Black "Salgado Lopez, Ivan"]
[Result "1/2-1/2"]
[WhiteTitle "GM"]
[BlackTitle "GM"]
[WhiteElo "2622"]
[BlackElo "2615"]
[WhiteTeam "Besiktas Jimnastik Kulubu"]
[BlackTeam "Turk Hava Yollari (Thy) Sports Club"]
[WhiteFideId "916811"]
[BlackFideId "2257327"]
[EventDate "2015.08.04"]

1. e4 e6 2. d4 d5 3. Nd2 Nf6 4. e5 Nfd7 5. c3 c5 6. f4 b6 7. Ndf3 Ba6 8. Bxa6
Nxa6 9. Ne2 Nc7 10. O-O g6 11. Be3 Be7 12. Bf2 O-O 13. Qe1 a5 14. Bh4 Bxh4 15.
Nxh4 Qe7 16. Nf3 c4 17. g4 f5 18. exf6 Rxf6 19. Ne5 Qg7 20. Qh4 Rff8 21. Ng3 Ne8
22. Rae1 Ndf6 23. Qh3 Nc7 24. f5 gxf5 25. gxf5 Ne4 26. Rxe4 dxe4 27. Kh1 Ne8 28.
Rg1 Qb7 29. Nh5+ Kh8 30. Ng6+ Kg8 31. Ne5+ Kh8 32. Ng6+ Kg8 33. Qg2 hxg6 34.
Qxg6+ Ng7 35. Qxe6+ Rf7 36. Nxg7 e3+ 37. d5 Qd7 38. f6 Rd8 39. Qxe3 Qxd5+ 40.
Rg2 Qd1+ 41. Rg1 Qd5+ 42. Rg2 1/2-1/2

[Event "TCh-TUR Super League 2015"]
[Site "Kocaeli TUR"]
[Date "2015.08.06"]
[Round "3.3"]
[Board "3"]
[White "Dastan, Muhammed Batuhan"]
[Black "Mamedov, Rauf"]
[Result "0-1"]
[WhiteTitle "IM"]
[BlackTitle "GM"]
[WhiteElo "2448"]
[BlackElo "2651"]
[WhiteTeam "Turk Hava Yollari (Thy) Sports Club"]
[BlackTeam "Besiktas Jimnastik Kulubu"]
[WhiteFideId "6300014"]
[BlackFideId "13401653"]
[EventDate "2015.08.04"]

1. e4 g6 2. d4 Bg7 3. Nc3 d6 4. f4 Nf6 5. Nf3 O-O 6. Bd3 Na6 7. O-O c5 8. d5 Bg4
9. Bc4 Nd7 10. a3 Nc7 11. Qe1 Bxf3 12. Rxf3 e6 13. Ba2 exd5 14. Nxd5 Nxd5 15.
Bxd5 Nf6 16. Qd1 Qe7 17. c3 Rae8 18. Re3 Kh8 19. Qb3 Nxd5 20. Qxd5 Qc7 21. b4
Qb6 22. Rb1 f5 23. Kh1 fxe4 24. Rxe4 Bxc3 25. Bd2 Bg7 26. h3 Qc6 27. Qxc6 bxc6
28. Rc4 Re2 29. Rd1 Rf5 30. Bc3 Rd5 31. Rc1 Bxc3 32. R4xc3 Rdd2 33. bxc5 d5 34.
Rg3 a5 35. Rf1 Rf2 36. Rb1 Rb2 37. Re1 Rbe2 38. Rb1 Rxf4 39. Rb6 Re6 40. Rgb3 a4
41. Rb8+ Kg7 42. R3b7+ Rf7 43. Rb4 Rd7 44. Kg1 Re1+ 45. Kf2 Rc1 46. Rxa4 Rxc5
47. Rb2 Rc3 48. Ra8 d4 49. a4 c5 50. Ke1 Re3+ 51. Kd1 Rf7 52. Rd2 d3 53. Kc1 c4
54. Kb2 Rb7+ 55. Kc3 Re4 56. Rb2 Rxb2 57. Kxb2 Re2+ 0-1

[Event "TCh-TUR Super League 2015"]
[Site "Kocaeli TUR"]
[Date "2015.08.06"]
[Round "3.3"]
[Board "4"]
[White "Atakisi, Umut"]
[Black "Kerigan, Demre"]
[Result "1/2-1/2"]
[WhiteTitle "IM"]
[BlackTitle "IM"]
[WhiteElo "2332"]
[BlackElo "2406"]
[WhiteTeam "Besiktas Jimnastik Kulubu"]
[BlackTeam "Turk Hava Yollari (Thy) Sports Club"]
[WhiteFideId "6301037"]
[BlackFideId "6307841"]
[EventDate "2015.08.04"]

1. e4 d6 2. d4 Nf6 3. Nc3 g6 4. Nf3 Bg7 5. Be2 O-O 6. O-O c6 7. Re1 Bg4 8. h3
Bxf3 9. Bxf3 e5 10. Be3 Nbd7 11. dxe5 dxe5 12. a4 Qa5 13. Qb1 Qb4 14. Ra3 Qe7
15. Qa2 Rfd8 16. Qc4 Bf8 17. a5 Nc5 18. Na4 Qe6 19. Rc3 Qxc4 20. Rxc4 Ne6 21.
Nc3 Nd4 22. Bxd4 Rxd4 23. Rxd4 exd4 24. Ne2 Bb4 25. Ra1 Re8 26. a6 b5 27. Nxd4
Nxe4 28. Nxc6 Bc5 29. Bxe4 Rxe4 30. Kf1 Re6 31. Nd8 Rf6 32. f3 Bb6 33. Nb7 Rc6
34. c3 b4 35. Na5 Bxa5 36. Rxa5 bxc3 37. bxc3 Rxc3 38. h4 Rc2 39. h5 Kg7 40. Rd5
Rc6 41. hxg6 hxg6 42. Ra5 Kf6 43. Kf2 Rc2+ 44. Kg3 Ke6 45. f4 Kd6 46. Rb5 Rc6
47. Rb7 Rc7 48. Rxc7 Kxc7 49. Kg4 Kd6 50. Kg5 Ke6 51. g3 Ke7 52. Kh6 Kf6 53. g4
Ke7 54. Kh7 Kd7 55. Kg8 Ke7 56. Kg7 Ke6 57. Kf8 Kf6 58. Ke8 Ke6 59. Kd8 Kd6 60.
g5 Ke6 61. Kc7 Ke7 62. Kc8 Ke8 63. Kb7 Kd7 64. Kxa7 Kc7 65. Ka8 Kc8 66. Ka7 1/2-1/2

[Event "TCh-TUR Super League 2015"]
[Site "Kocaeli TUR"]
[Date "2015.08.06"]
[Round "3.3"]
[Board "5"]
[White "Yildiz, Betul Cemre"]
[Black "Ozturk, Kubra"]
[Result "1/2-1/2"]
[WhiteTitle "WGM"]
[BlackTitle "WGM"]
[WhiteElo "2345"]
[BlackElo "2240"]
[WhiteTeam "Turk Hava Yollari (Thy) Sports Club"]
[BlackTeam "Besiktas Jimnastik Kulubu"]
[WhiteFideId "6302920"]
[BlackFideId "6302599"]
[EventDate "2015.08.04"]

1. e4 e5 2. Nf3 Nc6 3. Bb5 a6 4. Ba4 Nf6 5. O-O Nxe4 6. d4 b5 7. Bb3 d5 8. dxe5
Be6 9. Nbd2 Nc5 10. c3 d4 11. Ng5 Qd7 12. Bxe6 Nxe6 13. Nxe6 Qxe6 14. cxd4 Nxd4
15. Nf3 Nxf3+ 16. Qxf3 Rc8 17. Qg3 Qg6 18. Qh3 Rd8 19. Be3 Be7 20. Rac1 c6 21.
e6 Qxe6 22. Qxe6 fxe6 23. Rxc6 Rd6 24. Rfc1 Kf7 25. Rc7 Rhd8 26. Kf1 R8d7 27.
Ke2 Bf6 28. Rxd7+ Rxd7 29. b3 a5 30. Rc6 Rd5 31. Rc7+ Kg6 32. Ra7 Bc3 33. h4 h5
34. g3 Kf6 35. Rc7 Be5 36. Bg5+ Kg6 37. Rc6 Kf5 38. Bd2 b4 39. Be3 Bd4 40. Bxd4
Rxd4 41. Rc5+ Rd5 42. Rxd5+ exd5 43. f3 Ke6 44. Ke3 Ke5 45. Kd3 Kd6 46. Kd4 Ke6
47. Ke3 Ke5 48. Kd3 Kd6 49. Kd4 Ke6 50. Ke3 Ke5 1/2-1/2

[Event "TCh-TUR Super League 2015"]
[Site "Kocaeli TUR"]
[Date "2015.08.06"]
[Round "3.3"]
[Board "6"]
[White "Arat, Ufuk Sezen"]
[Black "Baglan, Esat"]
[Result "1-0"]
[WhiteTitle "FM"]
[BlackTitle "FM"]
[WhiteElo "2409"]
[BlackElo "2280"]
[WhiteTeam "Besiktas Jimnastik Kulubu"]
[BlackTeam "Turk Hava Yollari (Thy) Sports Club"]
[WhiteFideId "6309089"]
[BlackFideId "6309216"]
[EventDate "2015.08.04"]

1. d4 d5 2. c4 c6 3. Nf3 Nf6 4. e3 Bf5 5. Nc3 a6 6. Qb3 Ra7 7. a4 e6 8. Be2 Nbd7
9. O-O Bd6 10. Bd2 O-O 11. a5 Qe7 12. cxd5 cxd5 13. Na2 Nb8 14. Ne5 Nfd7 15.
Nxd7 Qxd7 16. Bb4 Nc6 17. Bxd6 Qxd6 18. Qb6 Qd8 19. Nb4 Qxb6 20. axb6 Raa8 21.
Nxc6 bxc6 22. Bxa6 Rfb8 23. Bb7 1-0

[Event "TCh-TUR Super League 2015"]
[Site "Kocaeli TUR"]
[Date "2015.08.06"]
[Round "3.3"]
[Board "7"]
[White "Eren, Ataberk"]
[Black "Gokerkan, Cem Kaan"]
[Result "1-0"]
[WhiteElo "1997"]
[BlackElo "2205"]
[WhiteTeam "Turk Hava Yollari (Thy) Sports Club"]
[BlackTeam "Besiktas Jimnastik Kulubu"]
[WhiteFideId "6349765"]
[BlackFideId "6336760"]
[EventDate "2015.08.04"]

1. e4 c5 2. Nf3 d6 3. d4 cxd4 4. Nxd4 Nf6 5. Nc3 a6 6. h3 e5 7. Nde2 Be6 8. g3
b5 9. Bg2 Be7 10. O-O O-O 11. g4 b4 12. Nd5 Nxd5 13. exd5 Bc8 14. Ng3 a5 15. a3
Bh4 16. axb4 Bxg3 17. fxg3 Qb6+ 18. Kh2 Qxb4 19. Qd2 Qb5 20. Rf3 a4 21. Bf1 Qc5
22. Rc3 Qb6 23. Rca3 f5 24. Qe3 Qb7 25. Rxa4 Rxa4 26. Rxa4 fxg4 27. Bd3 Bf5 28.
Bxf5 Rxf5 29. hxg4 Rf1 30. c4 Na6 31. Ra3 Qc8 32. Kg2 Rd1 33. Rc3 Rd4 34. b3
Rxg4 35. Ba3 Rg6 36. b4 Rh6 37. Qe4 Qh3+ 38. Kf2 Rf6+ 39. Rf3 Qh2+ 40. Kf1 Qh1+
41. Kf2 Rh6 42. Ke3 Qa1 43. Qd3 e4 44. Rf1 Qa2 45. Kxe4 Rh2 46. Ke3 Nc7 47. b5
Qg2 48. Bxd6 1-0

[Event "TCh-TUR Super League 2015"]
[Site "Kocaeli TUR"]
[Date "2015.08.06"]
[Round "3.3"]
[Board "8"]
[White "Arda, Cagil Irmak"]
[Black "Dogan, Sevval"]
[Result "1-0"]
[WhiteTitle "WCM"]
[WhiteElo "1915"]
[BlackElo "1737"]
[WhiteTeam "Besiktas Jimnastik Kulubu"]
[BlackTeam "Turk Hava Yollari (Thy) Sports Club"]
[WhiteFideId "6351700"]
[BlackFideId "6322565"]
[EventDate "2015.08.04"]

1. e4 c5 2. Nf3 d6 3. d4 cxd4 4. Nxd4 Nf6 5. f3 Nc6 6. c4 Qb6 7. Nc2 g6 8. Nc3
Bg7 9. Be3 Qxb2 10. Nb5 O-O 11. a3 Qe5 12. Qd2 Ne8 13. Be2 a6 14. Nbd4 Qa5 15.
Nxc6 Qxd2+ 16. Kxd2 bxc6 17. Rab1 c5 18. Rb6 Nf6 19. Rhb1 Be6 20. Rb7 Nd7 21. f4
Rab8 22. g4 f5 23. exf5 gxf5 24. g5 Rxb7 25. Rxb7 Re8 26. Ne1 Rb8 27. Ra7 Rb2+
28. Kd1 Bc3 29. Nf3 Ra2 30. Rxa6 Rxe2 31. Ra8+ Kf7 32. Kxe2 Bxc4+ 33. Kf2 d5 34.
Rc8 d4 35. Bxd4 cxd4 36. Rxc4 Nb6 37. Ne5+ Kf8 38. Rc6 Nd5 39. Nd3 Ne3 40. Ke2
Nd5 41. Kf3 Kf7 42. a4 Kf8 43. Rc5 e6 44. a5 1-0

[Event "TCh-TUR Super League 2015"]
[Site "Kocaeli TUR"]
[Date "2015.08.06"]
[Round "3.4"]
[Board "2"]
[White "Severcan, Sedat Sabri"]
[Black "Benidze, Davit"]
[Result "0-1"]
[BlackTitle "GM"]
[WhiteElo "1819"]
[BlackElo "2469"]
[WhiteTeam "Ankara Demirspor Kulubu"]
[BlackTeam "Kahramanmaras Buyuksehir Belediye Sports Club"]
[WhiteFideId "6351395"]
[BlackFideId "13603086"]
[EventDate "2015.08.04"]

1. d4 Nf6 2. c4 c5 3. e3 e6 4. Nf3 Be7 5. a3 O-O 6. dxc5 a5 7. Nc3 Bxc5 8. Be2
b6 9. Rb1 Nc6 10. Nd4 Bb7 11. Bf3 Bxd4 12. exd4 Ba6 13. Be2 d5 14. cxd5 Bxe2 15.
Nxe2 Nxd5 16. O-O Qd7 17. Qd3 h6 18. Rd1 Rfd8 19. Qg3 Nce7 20. Nc3 Rac8 21. h3
Nf6 22. Be3 Qb7 23. Rbc1 Nf5 24. Qf3 Qxf3 25. gxf3 Ne7 26. Ne4 Nfd5 27. Kf1 f5
28. Nc3 Nxc3 29. bxc3 Rc4 30. d5 Rxd5 31. Bxb6 Rxc3 32. Rxc3 Rxd1+ 33. Ke2 Rd5
34. Rc7 Ng6 35. Ra7 Nf4+ 36. Ke1 Rd3 37. Rxa5 Rxf3 38. h4 Nd5 39. Ra8+ Kh7 40.
Bc5 Rd3 41. Ke2 Nf4+ 42. Ke1 e5 43. Ra7 e4 44. Bf8 Ne6 45. Bb4 Nd4 46. Bf8 Ne6
47. Bb4 Kg6 48. Ra6 Kf7 49. Rd6 Nd4 50. Bc5 Nf3+ 51. Ke2 Rc3 52. Bb4 Rc2+ 53.
Ke3 Nxh4 54. a4 Rc4 55. Rb6 Ng2+ 56. Kd2 Nf4 57. Rb7+ Ke6 58. a5 Nd5 59. Bf8 Ra4
60. Bxg7 h5 61. Bb2 Rxa5 62. Rh7 Nf4 63. Ke3 Ng2+ 64. Kd4 Rd5+ 65. Kc4 Rd2 66.
Rh6+ Ke7 67. Bd4 h4 68. Rh7+ Kf8 69. Rh8+ Kf7 70. Rh7+ Kg6 71. Rg7+ Kh5 72. Rxg2
h3 73. Rg8 f4 74. Kc3 Rd1 75. Bb6 Rd6 76. Bd4 h2 77. Bg7 Rd3+ 78. Kc2 Rh3 79.
Rh8+ Kg4 0-1

[Event "TCh-TUR Super League 2015"]
[Site "Kocaeli TUR"]
[Date "2015.08.06"]
[Round "3.4"]
[Board "3"]
[White "Soysal, Serkan"]
[Black "Arig, Busra"]
[Result "1-0"]
[WhiteTitle "FM"]
[WhiteElo "2293"]
[BlackElo "1783"]
[WhiteTeam "Kahramanmaras Buyuksehir Belediye Sports Club"]
[BlackTeam "Ankara Demirspor Kulubu"]
[WhiteFideId "6349250"]
[BlackFideId "6309356"]
[EventDate "2015.08.04"]

1. d4 d5 2. Bf4 Nf6 3. e3 Bf5 4. c4 e6 5. Nc3 c6 6. Qb3 Qb6 7. c5 Qxb3 8. axb3
Nbd7 9. h3 Be7 10. b4 Ne4 11. Nf3 O-O 12. b5 Nxc3 13. bxc3 cxb5 14. Bxb5 Nf6 15.
Ke2 Ne4 16. Rhc1 Rfc8 17. g4 Bg6 18. Ne5 f6 19. Nxg6 hxg6 20. Bd7 Rd8 21. Bxe6+
Kh8 22. h4 f5 23. g5 a5 24. c4 dxc4 25. f3 Nxc5 26. dxc5 Bxc5 27. h5 Kh7 28. Bf7 1-0

[Event "TCh-TUR Super League 2015"]
[Site "Kocaeli TUR"]
[Date "2015.08.06"]
[Round "3.4"]
[Board "5"]
[White "Isgandarova, Khayala"]
[Black "Gyokbulut, Julia"]
[Result "1/2-1/2"]
[WhiteTitle "WIM"]
[BlackTitle "WFM"]
[WhiteElo "2245"]
[BlackElo "1975"]
[WhiteTeam "Kahramanmaras Buyuksehir Belediye Sports Club"]
[BlackTeam "Ankara Demirspor Kulubu"]
[WhiteFideId "13401823"]
[BlackFideId "4153979"]
[EventDate "2015.08.04"]

1. e4 c5 2. Nc3 e6 3. g3 Nc6 4. Bg2 g6 5. d3 Bg7 6. f4 Nge7 7. Nf3 d6 8. O-O O-O
9. Be3 b6 10. d4 Ba6 11. Rf2 d5 12. Rd2 Na5 13. b3 Rc8 14. Ne5 f6 15. Nf3 cxd4
16. Bxd4 Nac6 17. exd5 exd5 18. Ne2 Nf5 19. Bf2 Qe7 20. Ned4 Ne3 21. Nxc6 Rxc6
22. Qe1 Rc3 23. Nd4 Kh8 24. Re2 Bxe2 25. Qxc3 Nxg2 26. Kxg2 Bg4 27. h3 Bd7 28.
Re1 Qd6 29. Qe3 Rf7 30. Qe2 Bf8 31. a4 Re7 32. Qd3 Rxe1 33. Bxe1 Qe7 34. Bc3 Kg7
35. g4 Qd6 36. Qe3 Kf7 37. g5 Be7 38. Nf3 Qe6 39. Qxe6+ Bxe6 40. h4 fxg5 41.
Ne5+ Ke8 42. fxg5 Bf5 43. Nd3 Kd7 44. Kf3 Bd6 45. Bd4 Be4+ 46. Kg4 Bf5+ 47. Kf3
Be4+ 48. Kg4 Bf5+ 49. Kf3 Be4+ 50. Kg4 Bf5+ 51. Kf3 1/2-1/2